|
|
|
|
| LEADER |
00000nam0a2200000 4500 |
| 001 |
128231 |
| 005 |
20231101220113.0 |
| 010 |
|
|
|a 5280009660
|
| 020 |
|
|
|a RU
|b 90-27802
|
| 035 |
|
|
|a (RuTPU)RU\TPU\book\138696
|
| 090 |
|
|
|a 128231
|
| 100 |
|
|
|a 20071225d1990 m y0rusy5003 ca
|
| 101 |
1 |
|
|a rus
|c ger
|
| 102 |
|
|
|a RU
|
| 105 |
|
|
|a a z 000ay
|
| 200 |
1 |
|
|a Лотта в Веймаре
|e Роман [О И. В. Гете]
|f Т. Манн
|g пер. с нем. Н. Ман ; худож. П. Г. Татарников
|
| 210 |
|
|
|a Ленинград
|c Художественная литература
|c Ленингр. отд-ние
|d 1990
|
| 215 |
|
|
|a 286,[2] с.
|c ил.
|d 24 см
|
| 330 |
|
|
|a Роман немецкого писателя «Лотта в Веймаре» (1939 г.) посвящён встрече Гёте с Шарлоттой Кестнер, ставшей прообразом Лотты в «Страданиях молодого Вертера». В романе великолепно выписан образ поэта, показана вся сложность его характера и творчества.
|
| 600 |
|
1 |
|a Гёте
|b И. В.
|c немецкий писатель
|f 1749-1832
|g Иоганн Вольфганг фон
|2 stltpush
|3 (RuTPU)RU\TPU\pers\1452
|9 641
|
| 610 |
0 |
|
|a Писатели немецкие (х. л.)
|
| 610 |
0 |
|
|a Германия, 18-19 вв. (х. л.)
|
| 675 |
|
|
|a 83
|z rus
|
| 700 |
|
1 |
|a Манн
|b Т.
|c немецкий писатель
|f 1875-1955
|g Томас
|2 stltpush
|3 (RuTPU)RU\TPU\pers\7922
|9 1534
|
| 702 |
|
1 |
|a Ман
|b Н.
|4 730
|
| 702 |
|
1 |
|a Татарников
|b П. Г.
|4 440
|
| 801 |
|
0 |
|a RU
|b RuMRKP
|c 19950417
|g psbo
|
| 801 |
|
1 |
|a RU
|b 63413507
|c 20071225
|g PSBO
|
| 801 |
|
2 |
|a RU
|b 63413507
|c 20200115
|g PSBO
|
| 942 |
|
|
|c BK
|